Derecho cann̤ico y pastoral Concreciones y retos pendientes /

Bibliographic Details
Main Author: Peą, Carmen
Format: eBook
Language:Spanish
Published: Madrid: Dykinson, 2021
Subjects:
Online Access:Acceso restringido

MARC

LEADER 00000nam a22000007a 4500
005 2022062000250.0
007 cr|||| ||||
008 220620s2021 es |||||s|||| 00||0 spa d
020 |a 978-84-1377-769-6 
035 |a 36105 
040 |a vLex 
090 |c 13435  |d 13435 
100 1 |a Peą, Carmen 
245 1 0 |a Derecho cann̤ico y pastoral  |h [Recurso electrn̤ico] :  |b Concreciones y retos pendientes /  |c Carmen Peą 
256 |a Servicio en ln̕ea 
260 |a Madrid:  |b Dykinson,  |c 2021 
300 |a 1 recurso electrn̤ico 
500 |a Aunque en ocasiones se intente contraponer lo jurd̕ico y lo pastoral, el Derecho Cann̤ico, siendo verdadero derecho, es a la vez profundamente pastoral, en cuanto que su fin es contribuir a realizar la misin̤ misma de la iglesia. Este libro, fruto de la reflexin̤ e investigacin̤ de los profesores de la Facultad de Derecho Cann̤ico de la Universidad Pontificia Comillas, profundiza en la dimensin̤ pastoral del Derecho Cann̤ico, analizando cm̤o se plasma este principio en concretos institutos del derecho eclesial: la recta administracin̤ de los bienes eclesis̀ticos, el rǧimen jurd̕ico de los religiosos, la administracin̤ de los sacramentos, la actividad pastoral de las universidades catl̤icas, la imposicin̤ y levantamiento de penas cann̤icas o la actuacin̤ de los tribunales eclesis̀ticos en materia matrimonial y familiar. En esta reflexin̤ sobre la potencialidad pastoral del sistema jurd̕ico-cann̤ico, el volumen presta especial atencin̤ a las recientes reformas legales introducidas en los l︢timos aǫs, a la vez que apunta, desde una perspectiva crt̕ica, lagunas o aspectos necesitados de mejora. Los autores, todos ellos integrantes del grupo de investigacin̤ “Sistema jurd̕ico cann̤ico y retos pastorales”, tienen una amplia experiencia de asesoramiento y aplicacin̤ del derecho de la Iglesia, en sus diversos m̀bitos. 
506 1 |a Disponible solo en los productos indicados  |d vLex Global  |d vLex Global (Academic Edition, excluding Law Schools)  |d vLex Global (U.S. Academic Edition, Law Schools)  |d vLex Global (U.S. Academic Edition, excluding Law Schools)  |d vLex Global (Academic Edition, Law Schools) 
650 0 4 |a Derecho Militar  |z Espaą 
650 0 4 |a Ciencias sociales  |z Espaą 
740 0 |a vLex Libros (Servicio en ln̕ea) 
856 4 0 |u https://app.vlex.com/#/sources/36105  |z Acceso restringido 
942 |c BOOK 
999 0 |a Military Law 
999 0 |a Social Sciences